Flags with Animals on them - Statistics

General Stats
  • This quiz has been taken 30 times
  • The average score is 14 of 23
Answer Stats
Answer % Correct
Albania
85%
Mexico
81%
Zambia
77%
Zimbabwe
73%
Montenegro
69%
Serbia
69%
Egypt
65%
Kiribati
65%
Papua New Guinea
65%
Uganda
65%
Bhutan
58%
Dominica
58%
Kazakhstan
58%
Moldova
58%
Fiji
54%
Guatemala
54%
Sri Lanka
54%
Ecuador
50%
Spain
50%
Andorra
42%
Bolivia
42%
Croatia
42%
Malta
31%
No matching quizzes found
Score Distribution
Percent of People with Each Score
Percentile by Number Answered
Your Score History
You have not taken this quiz